000 00246nmm a2200085Ia 4500
008 220120s9999||||xx |||||||||||||||||und||
100 _aLFY
_910674
245 0 _aJanuary 2011 : puppy linux 5.1.1, linux for beginners, linux
260 _aEFY enterprises
999 _c139648
_d139648